Standard system of measuring builders` work in South Africa, amended and issued by the Chapter in consultation with The National Federation of Building Trade Employers in South Africa (Record no. 95115)

MARC details
000 -LEADER
fixed length control field 00698cam a2200205 4500
001 - CONTROL NUMBER
control field D2302
008 - FIXED-LENGTH DATA ELEMENTS--GENERAL INFORMATION
fixed length control field 090401t1966 xxu||||| |||| 00| 0 eng d
035 ## - SYSTEM CONTROL NUMBER
System control number (Sirsi) u68516
041 ## - LANGUAGE CODE
Language code of text/sound track or separate title eng
050 ## - LIBRARY OF CONGRESS CALL NUMBER
Classification number 692.30968
110 ## - MAIN ENTRY--CORPORATE NAME
Corporate name or jurisdiction name as entry element The Chapter of South African Quantity Surveyors
9 (RLIN) 2111
245 ## - TITLE STATEMENT
Title Standard system of measuring builders` work in South Africa, amended and issued by the Chapter in consultation with The National Federation of Building Trade Employers in South Africa
250 ## - EDITION STATEMENT
Edition statement 3rd
260 ## - PUBLICATION, DISTRIBUTION, ETC.
Place of publication, distribution, etc. Johannesburg
Name of publisher, distributor, etc. The Chapter of South African Quantity Su
Date of publication, distribution, etc. 1966
300 ## - PHYSICAL DESCRIPTION
Extent 45p. 21cm
350 ## - PRICE (NR) (BK AM CF MU VM SE) [OBSOLETE]
Price 0
520 ## - SUMMARY, ETC.
Summary, etc. Filed at SMM 1966/1BCD
942 ## - ADDED ENTRY ELEMENTS (KOHA)
Suppress in OPAC 0
948 ## - LOCAL PROCESSING INFORMATION (OCLC); SERIES PART DESIGNATOR (RLIN)
c (OCLC) 04/03/1997
Holdings
Withdrawn status Lost status Source of classification or shelving scheme Damaged status Not for loan Home library Current library Shelving location Date acquired Total Checkouts Full call number Barcode Date last seen Copy number Price effective from Koha item type
    Other/Generic Classification Scheme     London London Boxed set 09/01/1992   SMM 1966/1 30032071 06/08/2019 1 06/08/2019 Reference material
    Other/Generic Classification Scheme     London London Boxed set 09/01/1992   SMM 1966/1 30032075 06/08/2019 2 06/08/2019 Book
    Other/Generic Classification Scheme     London London Boxed set 09/01/1992   SMM 1966/1 30032079 06/08/2019 3 06/08/2019 Book
    Other/Generic Classification Scheme     London London Boxed set 09/01/1992   SMM 1966/1 30032083 06/08/2019 4 06/08/2019 Book